| 000 | 00558nam a2200217Ia 4500 | ||
|---|---|---|---|
| 005 | 20250326144034.0 | ||
| 008 | 250326s9999 xx 000 0 und d | ||
| 020 | _a978-0-307-35409-9 | ||
| 037 | _aTextbook | ||
| 040 |
_aFMSL _beng _cFMSL |
||
| 041 |
_aeng _2eng |
||
| 084 |
_aX:51 P7 _qFMSL |
||
| 100 |
_aCapon N _9748948 |
||
| 245 | 0 |
_aMarketing mavens _cCapon N |
|
| 260 |
_aNY _bNY, Crown Business _c2007 |
||
| 300 | _a207p | ||
| 365 | _b1144 | ||
| 650 |
_aAutobiography _9670855 |
||
| 942 |
_cTB _hX:51 P7 |
||
| 999 |
_c1302114 _d1302114 |
||